|
|
|
|
| LEADER |
00000nam a22000007a 4500 |
| 005 |
20210329220132.0 |
| 007 |
cr|||| |||| |
| 008 |
210329c19839999us ar|w s|||| 0|||b1eng d |
| 022 |
|
|
|a 0896-5811
|
| 035 |
|
|
|a 32900
|
| 040 |
|
|
|a vLex
|
| 090 |
|
|
|c 11384
|d 11384
|
| 245 |
0 |
0 |
|a Journal of Legal Studies Education
|h [Recurso electrn̤ico] /
|
| 256 |
|
|
|a Servicio en ln̕ea
|
| 260 |
|
|
|a Hoboken:
|b Wiley,
|c 1983 -
|
| 300 |
|
|
|a 1 recurso electrn̤ico
|
| 310 |
|
|
|a Anual
|
| 362 |
|
|
|a Nð 1-1 (Mar. 1983) -
|
| 506 |
1 |
|
|a Disponible solo en los productos indicados
|d vLex Global
|d vLex Global (Academic Edition, excluding Law Schools)
|d vLex Global (Academic Edition, Law Schools)
|
| 650 |
0 |
4 |
|a Derecho Pb︢lico y Administrativo
|z Estados Unidos
|
| 740 |
0 |
|
|a vLex Revistas (Servicio en ln̕ea)
|
| 856 |
4 |
0 |
|u https://vlex.com/source/32900
|z Acceso restringido
|
| 942 |
|
|
|c REV
|
| 999 |
0 |
|
|a Public and Administrative Law
|